Wireless and Mobile Communication : (Record no. 171226)

MARC details
000 -LEADER
fixed length control field 00626nam a22001937a 4500
005 - DATE AND TIME OF LATEST TRANSACTION
control field 20200109111323.0
010 ## - LCCN (DPL NO)
LC control number ENG-127303
020 ## - INTERNATIONAL STANDARD BOOK NUMBER
Terms of availability 545.00
International Standard Book Number 9780199475001
035 ## - SYSTEM CONTROL NUMBER
System control number EN-110835
037 ## - SOURCE OF ACQUISITION
Source of stock number/acquisition DBAD/PUB.
082 ## - DEWEY DECIMAL CLASSIFICATION NUMBER
Classification number 621.38456
100 ## - MAIN ENTRY--PERSONAL NAME
Personal name Dalal,Upena
245 ## - TITLE STATEMENT
Title Wireless and Mobile Communication :
Statement of responsibility, etc by Upena Dalal [and] Manoj K.Shukla.
Remainder of title /
260 ## - PUBLICATION, DISTRIBUTION, ETC. (IMPRINT)
Place of publication, distribution, etc New Delhi
Name of publisher, distributor, etc oxford University press 2019.
Date of publication, distribution, etc 2017
270 ## - ADDRESS
Address 22 workspace,2nd floor,1/22 Asaf Ali Road .
City New Delhi
Postal code 110002
300 ## - PHYSICAL DESCRIPTION
Extent xix,610p.
Dimensions 24cm.(pbk)
500 ## - GENERAL NOTE
General note It includes index
942 ## - ADDED ENTRY ELEMENTS (KOHA)
Source of classification or shelving scheme Dewey Decimal Classification
Item type English Books
Call number suffix DAL
Classification part 954.51
Holdings
Withdrawn status Lost status Not for loan Collection code Home library Current library Date acquired Source of acquisition Cost, normal purchase price Full call number Barcode Copy number Cost, replacement price Koha item type
      Non-fiction Sarojini Nagar Sarojini Nagar 09/01/2020 DBAD/PUB 545.00 954.51 DAL EN-110835 1 545.00 English Books

© Delhi Public Library
Hit Counter
free hit counter